An Uncle's Guide to GST for Retailers / (Record no. 68)

000 -LEADER
fixed length control field pam a22 a 4500
003 - CONTROL NUMBER IDENTIFIER
control field AKMAL
005 - DATE AND TIME OF LATEST TRANSACTION
control field 20170413153811.0
008 - FIXED-LENGTH DATA ELEMENTS--GENERAL INFORMATION
fixed length control field 17 t20142014my ao e 000 0|eng d
020 ## - INTERNATIONAL STANDARD BOOK NUMBER
International Standard Book Number 9789839526783
Qualifying information paperback
Terms of availability RM90.00
040 ## - CATALOGING SOURCE
Original cataloging agency AKMAL
082 04 - DEWEY DECIMAL CLASSIFICATION NUMBER
Classification number 336.271409595
Edition number 23
090 00 - LOCALLY ASSIGNED LC-TYPE CALL NUMBER (OCLC); LOCAL CALL NUMBER (RLIN)
Classification number (OCLC) (R) ; Classification number, CALL (RLIN) (NR) 336.271409595
Local cutter number (OCLC) ; Book number/undivided call number, CALL (RLIN) CHO
100 1# - MAIN ENTRY--PERSONAL NAME
Personal name Choong, Kwai Fatt,
Titles and words associated with a name Dr.,
Dates associated with a name 1965-
Relator term author.
9 (RLIN) 209
245 13 - TITLE STATEMENT
Title An Uncle's Guide to GST for Retailers /
Statement of responsibility, etc. CHOONG KWAI FATT
264 #1 - PRODUCTION, PUBLICATION, DISTRIBUTION, MANUFACTURE, AND COPYRIGHT NOTICE
Place of production, publication, distribution, manufacture Kuala Lumpur :
Name of producer, publisher, distributor, manufacturer Infoworld,
Date of production, publication, distribution, manufacture, or copyright notice 2014
264 #4 - PRODUCTION, PUBLICATION, DISTRIBUTION, MANUFACTURE, AND COPYRIGHT NOTICE
Date of production, publication, distribution, manufacture, or copyright notice ©2014
300 ## - PHYSICAL DESCRIPTION
Extent 276 pages :
Other physical details colour illustrations ;
Dimensions 20 cm
650 10 - SUBJECT ADDED ENTRY--TOPICAL TERM
Topical term or geographic name entry element Value-added tax
Geographic subdivision Malaysia
Form subdivision Handbooks, manuals, etc.
9 (RLIN) 210
650 20 - SUBJECT ADDED ENTRY--TOPICAL TERM
Topical term or geographic name entry element Sales tax
Geographic subdivision Malaysia
Form subdivision Handbooks, manuals, etc.
9 (RLIN) 211
650 20 - SUBJECT ADDED ENTRY--TOPICAL TERM
Topical term or geographic name entry element Spendings tax
Geographic subdivision Malaysia
9 (RLIN) 212
650 20 - SUBJECT ADDED ENTRY--TOPICAL TERM
Topical term or geographic name entry element Retail trade
Geographic subdivision Malaysia
9 (RLIN) 213
942 ## - ADDED ENTRY ELEMENTS (KOHA)
Source of classification or shelving scheme
Koha item type Book
Holdings
Withdrawn status Lost status Source of classification or shelving scheme Damaged status Not for loan Collection code Home library Current library Shelving location Date acquired Inventory number Total Checkouts Full call number Barcode Date last seen Date last checked out Price effective from Koha item type
          NON-FICTION AKMAL Melaka AKMAL Melaka PINJAMAN 13.04.2017 306425 1 336.271409595 201700155 03.12.2019 03.12.2019 13.04.2017 Book
Pusat Sumber Maklumat Dato' Haji Sarmin Md Hussin, Akademi Kastam Diraja Malaysia, Melaka
Tel: 06-2331106 | Faks: 06-2313787